| 000 | 00402 a2200109 4500 | ||
|---|---|---|---|
| 001 | ART_23632 | ||
| 005 | 20260410161932.0 | ||
| 008 | 260409a | ||
| 245 | 1 | 0 | _aEstudio de la población a travez de los censos |
| 100 | 1 | _aMercado de Liserre, Mabel | |
| 773 | 0 |
_tRevista de la Facultad de Ciencias Económicas de la Universidad de Cuyo _g- Año XXIV, Nº 72 (sep./dic. 1972) _wREV22981 |
|
| 999 |
_c28678 _d28678 |
||